000 00528nam a2200169 i 4500
001 84625
003 ES-MaACL
007 t|
008 041123s1985 sp ||||1| spa d
020 _a84-234-0608-3
100 1 _aJanner, Grenville.
_966037
245 1 0 _aCómo presentar con éxito nuestras ideas a los demás /
_cGrenville Janner ; traducción, Víctor Furundarena.
260 _aBilbao :
_bDeusto,
_c1985.
300 _a235 p. ;
_c24 cm.
700 1 _aFurundarena, Víctor.
_953063
852 _aES-MaACL
_jL-9610
_bR.111179
999 _c84625
_d84625